LEADER 01028nam0 2200289 450 001 000028666 005 20110824130812.0 100 $a20110824d1973----km-y0itaa50------ba 101 0 $ager 102 $aDE 200 1 $aArbeitsjournal$fBertolt Brecht$ganmerkungen von Werner Hecht 210 $aFrankfurt am Main$cSuhrkamp$d1973 215 $aVIII, 217$d21 cm. 600 1$aBrecht,$bBertolt$xDiari 676 $a838.912$v(21. ed.)$9Scritti miscellanei tedeschi. 1900-1945 700 1$aBrecht,$bBertolt$036137 702 1$aHecht,$bWerner 801 0$aIT$bUniversità della Basilicata - B.I.A.$gRICA$2unimarc 912 $a000028666 996 $aArbeitsjournal$918760 997 $aUNIBAS BAS $aLETTERE CAT $aTTM$b30$c20110824$lBAS01$h0941 CAT $aTTM$b30$c20110824$lBAS01$h0954 CAT $aTTM$b30$c20110824$lBAS01$h1308 FMT Z30 -1$lBAS01$LBAS01$mBOOK$1BASA1$APolo Storico-Umanistico$2FMAS$BFondo Masini$3FMas/817/3959$6817/3959$5B817/3959$820110824$eXXXIX, 303$f04$FPrestabile Didattica